WWII all neutral countries in Europe - Statistics

General Stats
  • This quiz has been taken 50 times
    18 since last reset
  • The average score is 6 of 11
Answers on the Grid
Answers color-coded by a green-red scale on the quiz's grid according to % correct below.
Spain
Sweden
Portugal
Switzerland
Andora
Ireland
Turkey
Saudi Arabia
Yemen
Afghanistan
Liechtenstein
Monaco
San Marino
Vatican City
Germany
Finland
Estonia
Latvia
Lithuania
Poland
Italy
Austria
Japan
China
 
Answer Stats
Answer % Correct
Liechtenstein
69%
Sweden
69%
Switzerland
69%
Vatican City
69%
Andora
62%
San Marino
62%
Spain
62%
Ireland
54%
Monaco
46%
Portugal
46%
Turkey
15%
No matching quizzes found
Score Distribution
Percent of People with Each Score
Percentile by Number Answered
Your Score History
You have not taken this quiz since the last reset